[Event "Maastricht Limburg op-C 4th"]
[Site "Maastricht"]
[Date "2010.05.22"]
[Round "3"]
[White "Hoek, Tjerk"]
[Black "De Lange, Gerard"]
[Result "0-1"]
[WhiteElo "1205"]
[BlackElo "1599"]
[PlyCount "64"]
[EventDate "2010.05.21"]
[EventType "swiss"]
[EventRounds "7"]
[EventCountry "NED"]
[SourceTitle "EXT 2011"]
[Source "ChessBase"]
[SourceDate "2010.11.26"]
[SourceVersion "1"]
[SourceVersionDate "2010.11.26"]
[SourceQuality "1"]

1. d4 d5 2. e3 Bf5 3. c4 e6 4. Nc3 Nf6 5. b3 Bb4 6. Bd2 c6 7. Nf3 Nbd7 8. Be2 Qe7 9. Nh4 Bg6 10. Nf3 e5 11. dxe5 Nxe5 12. cxd5 Rd8 13. Nxe5 Qxe5 14. Qc1 Nxd5 15. Na4 Bxd2+ 16. Kxd2 Nb4+ 17. Ke1 Qxa1 18. Qxa1 Nc2+ 19. Kf1 Nxa1 20. f3 Nc2 21. Kf2 0-0 22. a3 Rfe8 23. e4 Nd4 24. b4 b6 25. Nc3 Nxe2 26. Kxe2 f5 27. Ke3 fxe4 28. fxe4 Re6 29. Rf1 Red6 30. Ke2 Rd3 31. Rc1 R3d4 32. Ke3 Rc4 0-1